Lausbubengeschichten

Αποθηκεύτηκε σε:
Λεπτομέρειες βιβλιογραφικής εγγραφής
Κύριος συγγραφέας: Thoma, Ludwig 1867-1921
Άλλοι συγγραφείς: Gulbransson, Olaf (Εικονογράφος)
Μορφή: Βιβλίο
Γλώσσα:German
Δημοσίευση: Muenchen : Klett, 1973
Σειρά:Lesen leicht gemacht
Θέματα:
Ετικέτες: Προσθήκη ετικέτας
Δεν υπάρχουν, Καταχωρήστε ετικέτα πρώτοι!

MARC

LEADER 00000nam a2200000 i 4500
001 1/85252
008 980318s1973 ger d
020 |a 3-12-559190-2 
035 |a 1997  |b 3  |c Μπερζαμάνη  |l 10034652 
040 |a GR-MY-UA  |b gre  |e aacr 
041 0 |a ger 
082 0 |a 833 
100 1 |a Thoma, Ludwig  |d 1867-1921. 
245 1 0 |a Lausbubengeschichten /  |c Ludwig Thoma ; mit Zeichnungen von Olaf Gulbransson 
260 |a Muenchen :   |b Klett,   |c 1973 
490 1 |a Lesen leicht gemacht  |v ; 55919 
650 0 0 |a Short stories, German. 
650 0 0 |a German fiction. 
650 0 0 |a German language  |x Readers. 
700 1 |a Gulbransson, Olaf.  |4 ill 
830 0 |a Lesen leicht gemacht 
852 |a INST  |b RHODES  |e 19980318  |h 833 THO  |p 005400010969  |q 005400010969  |t BK  |y 0 
901 |a BIBL-1998-1 
909 |a Ρ  |b 052296  |c 1997